Music Quiz

Random Music or Album Quiz

Same Difference Quiz Stats

 Plays Quiz not verified by Sporcle

Score 0/12 Timer 05:00
0 Plays Today
Song % Correct
nothings gonna stop us now
100%
we r one
100%
let me be the one
100%
i need a house
100%
breaking free
100%
still amazed
100%
turn it into love
100%
if you can't dance
50%
right between the eyes
50%
all the roads lead to heaven
50%
better love me
0%
starts to beat again
0%

You're not logged in!

Compare scores with friends on all Sporcle quizzes.
OR
Log In

Show Comments

Extras

Top Quizzes Today


Score Distribution

Your Account Isn't Verified!

In order to create a playlist on Sporcle, you need to verify the email address you used during registration. Go to your Sporcle Settings to finish the process.

Report this User

Report this user for behavior that violates our Community Guidelines.

Details: